YUKI EMPIRE QUIZ - Statistics

General Stats
  • This quiz has been taken 6 times
  • The average score is 14 of 17
Answer Stats
Hint Answer % Correct
Who named the Yuki Empire? Abdalla
100%
Who was the first member of the server to leave? Aidan
100%
Which group created the Yuki Empire? BTS
100%
Who was the person from above's evil gremlin assistant? Franco
100%
Who made the first land claim? Jackson
100%
What was Jackson's province called? Jacksons Basement
100%
Who composed the Yuki Empire anthem? Lucas
100%
Who destroyed the Yuki Empire? Maximo
100%
What was the largest structure made in the server? Pamplona
100%
Who was the emperor of the Yuki Empire? Yuki
100%
What are the dimensions of the Tinshein Swimming pool? (write as length x width) 30 x 6
67%
What flag do you see when you come into Pamplona castle? Basque
67%
When was Yuki Empire created? February 2022
67%
What was the village Maximo took over? Nipple village
67%
What is all around outside Pamplona in Yuki's village to commemorate the Iron Golems? Poppies
67%
What was the village Franco took over? Peen Isle
33%
What is the first line of the Yuki Empire anthem? Yuki Empire greatest country in the world
33%
No matching quizzes found
Score Distribution
Percent of People with Each Score
Percentile by Number Answered
Your Score History
You have not taken this quiz